| 000 | 00396nam a2200145 a 4500 | ||
|---|---|---|---|
| 001 | 1190 | ||
| 003 | CDMR | ||
| 005 | 20130311113613.0 | ||
| 008 | 130130s1984||||||||||||||||||||||||||||d | ||
| 040 |
_aCDMR _bcat _cCPC LLEIDA |
||
| 100 | 1 |
_aBorrell, Josep _9934 |
|
| 245 | 1 | 0 |
_aEscriptors contemporanis de ponent 1859-1980 _cBORRELL, Josep |
| 260 |
_aLleida _c1984 _bAjuntament de Lleida |
||
| 942 |
_cMON _2udc |
||
| 999 |
_c1190 _d1190 |
||